| Tag |
First Indicator |
Second Indicator |
Subfields |
| LEADER |
00000cam a2200000Ia 4500 |
| 001 |
in00002588310 |
| 005 |
20210727090332.0 |
| 006 |
m d |
| 007 |
cr cn| |
| 008 |
100301s2009 caua s 001 0 eng d |
| 020 |
|
|
|a 1430224002
|
| 020 |
|
|
|a 9781430224006
|
| 035 |
|
|
|a (OCoLC)534951142
|
| 035 |
|
|
|a (OCoLC)ocn534951142
|
| 035 |
|
|
|a 3698329
|
| 037 |
|
|
|a 978-1-4302-2399-3
|b Springer
|n http://www.springerlink.com
|
| 040 |
|
|
|a GW5XE
|b eng
|c GW5XE
|d UtOrBLW
|
| 049 |
|
|
|a TXAC
|
| 050 |
1 |
4 |
|a QA76.6
|b .K45 2009
|
| 082 |
0 |
4 |
|a 004.16
|2 22
|
| 100 |
1 |
|
|a Kelly, James F.
|q (James Floyd)
|0 http://id.loc.gov/authorities/names/nb2005015123
|
| 245 |
1 |
0 |
|a Windows netbooks :
|b the path to low-cost computing /
|c James Floyd Kelly.
|
| 264 |
|
1 |
|a Berkeley, CA :
|b Apress,
|c [2009]
|
| 264 |
|
2 |
|a New York, NY :
|b [distributed by] Springer-Verlag
|
| 264 |
|
4 |
|c ©2009
|
| 300 |
|
|
|a xx, 202 pages :
|b illustrations ;
|c 24 cm.
|
| 336 |
|
|
|a text
|b txt
|2 rdacontent
|
| 337 |
|
|
|a computer
|b c
|2 rdamedia
|
| 338 |
|
|
|a online resource
|b cr
|2 rdacarrier
|
| 500 |
|
|
|a Electronic resource.
|
| 500 |
|
|
|a Includes index.
|
| 505 |
0 |
|
|a The netbook -- Netbook hardware options -- Netbook maintenance -- Netbook software options -- Netbook and Google Docs -- Netbook malware protection -- Netbook web browsers -- Netbook email -- Netbook calendar -- Netbooks and OpenOffice.org -- Windows 7 and netbooks -- Finding great netbook apps -- Netbook manufacturers -- Upgrading a netbook to Windows 7 -- Additional netbook apps to consider.
|
| 520 |
|
|
|a Information on buying and using a Windows netbook.
|
| 533 |
|
|
|a Electronic reproduction.
|b New York :
|c Springer,
|d 2010.
|n Mode of access: World Wide Web.
|n System requirements: Web browser.
|n Title from title screen (viewed on Feb. 18, 2010).
|n Access may be restricted to users at subscribing institutions.
|
| 650 |
|
0 |
|a Laptop computers
|v Handbooks, manuals, etc.
|
| 650 |
|
0 |
|a Netbook computers
|v Handbooks, manuals, etc.
|
| 655 |
|
7 |
|a Electronic books.
|2 local
|
| 710 |
2 |
|
|a SpringerLink (Online service)
|0 http://id.loc.gov/authorities/names/no2005046756
|
| 776 |
1 |
|
|c Original
|z 9781430223993
|z 1430223995
|w (OCoLC)308221032
|
| 856 |
4 |
0 |
|u http://proxy.library.tamu.edu/login?url=https://dx.doi.org/10.1007/978-1-4302-2400-6
|z Connect to the full text of this electronic book
|t 0
|
| 994 |
|
|
|a 92
|b TXA
|
| 999 |
|
|
|a MARS
|
| 999 |
f |
f |
|s 430b28df-c142-31a6-89af-31ca86fd2b86
|i fcaa1eae-26a9-3b4c-9ba2-4f4a4f9a8b6c
|t 0
|
| 952 |
f |
f |
|a Texas A&M University
|b College Station
|c Electronic Resources
|d Available Online
|t 0
|e QA76.6 .K45 2009
|h Library of Congress classification
|
| 998 |
f |
f |
|a QA76.6 .K45 2009
|t 0
|l Available Online
|